| 000 | 00763nam a22002057a 4500 | ||
|---|---|---|---|
| 999 |
_c61848 _d61848 |
||
| 005 | 20240527122457.0 | ||
| 008 | 240527s2008 enk||||| |||| 00| 0 eng d | ||
| 020 | _a9783540492498x | ||
| 041 | _aeng | ||
| 080 | _a616-8 S-19 | ||
| 245 |
_aSamii's Essentials in Neurosurgery / _cEditor Ricardo Ramina, Paulo Henrique Pires Aguiar, Marcos Tatagiba. |
||
| 264 |
_aNew York : _bSpringer, _c2008. |
||
| 300 |
_a76 p. _bill.; _c28 cm. |
||
| 653 | _aნეიროქირურგია | ||
| 653 | _aმედიცინა | ||
| 700 |
_aRamina, Ricardo _eრედაქტორი _922186 |
||
| 700 |
_aHenrique Pires Aguiar, Paulo _eრედაქტორი _922187 |
||
| 700 |
_aTatagiba, Marcos _eრედაქტორი _922188 |
||
| 942 |
_2udc _cBK |
||